Mấy vấn đề góp phần bảo vệ vững chắc tổ quốc Việt Nam xã hội chủ nghĩa Sách tham khảo
Nội dung tập trung luận giải trên các vấn đề cơ bản sau: Một là, làm rõ những vấn đề lý luận, thực tiễn chung về xây dựng tiềm lực kinh tế quân sự của nước ta, khu vực và thế giới. Hai là, đúc rút kinh nghiệm động viên kinh tế dươ...
Uloženo v:
| Hlavní autor: | |
|---|---|
| Médium: | Kniha |
| Jazyk: | Undetermined |
| Vydáno: |
H.
Quân đội nhân dân
2012
|
| Témata: | |
| On-line přístup: | http://lrc.tdmu.edu.vn/opac/search/detail.asp?aID=2&ID=20428 |
| Tagy: |
Přidat tag
Žádné tagy, Buďte první, kdo otaguje tento záznam!
|
| Thư viện lưu trữ: | Trung tâm Học liệu Trường Đại học Thủ Dầu Một |
|---|
| LEADER | 01299nam a2200217Ia 4500 | ||
|---|---|---|---|
| 001 | TDMU_20428 | ||
| 008 | 210410s9999 xx 000 0 und d | ||
| 082 | |a 355.4 | ||
| 090 | |b H407 | ||
| 100 | |a Hoàng, Minh Thảo | ||
| 245 | 0 | |a Mấy vấn đề góp phần bảo vệ vững chắc tổ quốc Việt Nam xã hội chủ nghĩa | |
| 245 | 0 | |b Sách tham khảo | |
| 245 | 0 | |c Hoàng Minh Thảo | |
| 260 | |a H. | ||
| 260 | |b Quân đội nhân dân | ||
| 260 | |c 2012 | ||
| 300 | |a 298tr. | ||
| 520 | |a Nội dung tập trung luận giải trên các vấn đề cơ bản sau: Một là, làm rõ những vấn đề lý luận, thực tiễn chung về xây dựng tiềm lực kinh tế quân sự của nước ta, khu vực và thế giới. Hai là, đúc rút kinh nghiệm động viên kinh tế dưới sự lãnh đạo của Đảng trong kháng chiến chống thực dân Pháp và đế quốc Mỹ xâm lược..... | ||
| 650 | |a Quân sự |z Việt Nam; Chiến lược quân sự |z Việt Nam | ||
| 856 | |u http://lrc.tdmu.edu.vn/opac/search/detail.asp?aID=2&ID=20428 | ||
| 980 | |a Trung tâm Học liệu Trường Đại học Thủ Dầu Một | ||